Central Library OPAC University of Rajshahi

Economics of small-scale industries / (Record no. 45319)

MARC details
000 -LEADER
fixed length control field 00802nam a22002532i 4500
001 - CONTROL NUMBER
control field 45319
003 - CONTROL NUMBER IDENTIFIER
rucl marc code BD-RjUL
005 - DATE AND TIME OF LATEST TRANSACTION
control field 20211209054009.0
008 - FIXED-LENGTH DATA ELEMENTS--GENERAL INFORMATION
fixed length control field 160725s1979 ii a b 001 0 eng d
035 ## - SYSTEM CONTROL NUMBER
System control number OCLC ocm05892335 from D960603M
-- (BD-RjUL)45437
040 ## - CATALOGING SOURCE
Original cataloging agency DLC
Transcribing agency DLC
Modifying agency EQO
-- BD-RjUL
Language of cataloging eng
041 ## - LANGUAGE CODE
Language code of text/sound track or separate title eng
082 ## - DEWEY DECIMAL CLASSIFICATION NUMBER
Classification number 338.64209542
Author mark and year MAE 1979
100 1# - MAIN ENTRY--PERSONAL NAME
Personal name Mathur, Shabd Prasad.
9 (RLIN) 138803
245 10 - TITLE STATEMENT
Title Economics of small-scale industries /
Statement of responsibility, etc. S. P. Mathur
260 ## - PUBLICATION, DISTRIBUTION, ETC. (IMPRINT)
Place of publication, distribution, etc. Delhi :
Name of publisher, distributor, etc. Sundeep,
Date of publication, distribution, etc. 1979
300 ## - PHYSICAL DESCRIPTION
Pagination iv, 277 p. :
Illustrations ill. ;
Size 23 cm
500 ## - GENERAL NOTE
General note Includes index
504 ## - BIBLIOGRAPHY, ETC. NOTE
Bibliography, etc Bibliography: p. [265]-273
650 #0 - SUBJECT ADDED ENTRY--TOPICAL TERM
Topical term or geographic name as entry element Small business
Geographic subdivision India
-- Agra (District)
9 (RLIN) 138804
651 #0 - SUBJECT ADDED ENTRY--GEOGRAPHIC NAME
Geographic name Agra (India : District)
General subdivision Economic conditions
9 (RLIN) 138805
942 ## - ADDED ENTRY ELEMENTS (KOHA)
Source of classification or shelving scheme Dewey Decimal Classification
Koha item type Books
Holdings
Lost status Source of classification or shelving scheme Damaged status Not for loan Collection code Permanent Location Current Location Shelving location Date acquired Source of acquisition Cost, normal purchase price Total Checkouts Full call number Date last seen Copy number Koha item type
  Dewey Decimal Classification     Non-fiction Central Library, University of Rajshahi Central Library, University of Rajshahi   27/07/1985 Tulip 80.00   338.64209542 MAE 1979 25/07/2016 C-2 Books
  Dewey Decimal Classification     Non-fiction Central Library, University of Rajshahi Central Library, University of Rajshahi   27/07/1985 Tulip 80.00   338.64209542 MAE 1979 25/07/2016 C-3 Books
  Dewey Decimal Classification     Non-fiction Central Library, University of Rajshahi Central Library, University of Rajshahi   27/07/1985 Tulip 80.00   338.64209542 MAE 1979 25/07/2016 C-4 Books
  Dewey Decimal Classification     Non-fiction Central Library, University of Rajshahi Central Library, University of Rajshahi   27/04/1985 Tulip 80.00   338.64209542 MAE 1979 25/07/2016 C-5 Books
  Dewey Decimal Classification   Not For Loan Non-fiction Central Library, University of Rajshahi Central Library, University of Rajshahi Reading Room 27/04/1985 Tulip 80.00   338.64209542 MAE 1979 20/12/2016 C-1 Books